[Event "2016 Edmonton Championship"]
[Site "Edmonton"]
[Date "2016.01.07"]
[Round "1.1"]
[White "Purewal, Sardul"]
[Black "Matras-Clement, Agnieszka"]
[Result "0-1"]
[WhiteElo "1979"]
[BlackElo "2327"]
[PlyCount "92"]
[EventDate "2016.01.07"]
[EventType "k.o."]
[EventRounds "4"]
[EventCountry "CAN"]

1. d4 d5 2. c4 c6 3. e3 Nf6 4. Nc3 e6 5. Nf3 Bd6 6. cxd5 exd5 7. Bd3 Bg4 8. Be2
Nbd7 9. h3 Bh5 10. Nh4 Bg6 11. Nxg6 hxg6 12. Bf3 Qe7 13. Qd3 Nb6 14. a4 a5 15.
Bd2 Nc4 16. b3 Nxd2 17. Qxd2 Bb4 18. Qd3 Ne4 19. Bxe4 dxe4 20. Qc4 Qg5 21. Kf1
Qf5 22. Rd1 O-O 23. Na2 Be7 24. Qc2 Rfe8 25. Nc3 Bb4 26. Na2 Bd6 27. Nc3 Rac8
28. Qe2 Bb4 29. Na2 Qd5 30. Qc4 Red8 31. Rc1 Ba3 32. Rc2 b5 33. axb5 Qxc4+ 34.
bxc4 cxb5 35. Ke2 b4 36. Nc1 a4 37. c5 b3 38. Rc4 Ra8 39. Kd2 Rdb8 40. Ne2 Bb4+
41. Rxb4 Rxb4 42. Kc3 Rbb8 43. Kc4 a3 44. Nc3 a2 45. c6 a1=Q 46. Rxa1 Rxa1 0-1

[Event "2016 Edmonton Championship"]
[Site "Edmonton"]
[Date "2016.01.07"]
[Round "1.1"]
[White "Reeve, Jeff"]
[Black "Briones, Dante"]
[Result "1-0"]
[WhiteElo "2321"]
[BlackElo "2012"]
[PlyCount "73"]
[EventDate "2016.01.07"]
[EventType "k.o."]
[EventRounds "4"]
[EventCountry "CAN"]

1. e4 e6 2. d3 g6 3. Nf3 Bg7 4. Bg5 Ne7 5. Qc1 h6 6. Be3 d5 7. c3 Nbc6 8. Be2
e5 9. O-O Bg4 10. Nbd2 O-O 11. Nb3 Bxf3 12. Bxf3 Kh7 13. Bc5 Re8 14. a4 dxe4
15. dxe4 a5 16. Qe3 b6 17. Ba3 Qc8 18. Nd2 Bf6 19. Nc4 Qe6 20. Qe2 Bg5 21. Bg4
f5 22. Bh3 Qf6 23. Ne3 Rad8 24. Rad1 f4 25. Nd5 Nxd5 26. exd5 Ne7 27. Qc4 c5
28. dxc6 Nxc6 29. Rd7+ Rxd7 30. Bxd7 Rd8 31. Qxc6 e4 32. Qxf6 Bxf6 33. Rd1 h5
34. Kf1 Kh6 35. Ke2 Bg5 36. c4 h4 37. h3 1-0

[Event "2016 Edmonton Championship"]
[Site "Edmonton"]
[Date "2016.01.07"]
[Round "1.1"]
[White "Valencia, Belsar"]
[Black "Razzaq, Ali"]
[Result "1-0"]
[WhiteElo "2327"]
[BlackElo "1970"]
[PlyCount "121"]
[EventDate "2016.01.07"]
[EventType "k.o."]
[EventRounds "4"]
[EventCountry "CAN"]

1. c4 c6 2. Nf3 d5 3. d4 Nf6 4. Nc3 e6 5. e3 Nbd7 6. Qc2 a6 7. Be2 dxc4 8. a4
Bb4 9. O-O Bxc3 10. bxc3 b5 11. Ba3 Nd5 12. Rfb1 Bb7 13. e4 Ne7 14. Bxc4 O-O
15. Bd3 Ra7 16. e5 h6 17. Nd2 Re8 18. Ne4 Nf5 19. Bc5 Nxc5 20. Nxc5 Qg5 21. Be4
Ba8 22. Qe2 Ne7 23. g3 Nd5 24. Bxd5 exd5 25. axb5 cxb5 26. Rxa6 Rxa6 27. Nxa6
Qg6 28. Ra1 Bb7 29. Nc5 Bc8 30. Qxb5 Rf8 31. Qd3 Bf5 32. Qf3 Bg4 33. Qe3 Rb8
34. Nd3 Bh3 35. Re1 Qc6 36. Nf4 Bf5 37. f3 g5 38. Ne2 Qc4 39. h4 gxh4 40. g4
Bg6 41. e6 fxe6 42. Qxh6 Bf7 43. Qg5+ Kf8 44. Qh6+ Kg8 45. Qxh4 Qd3 46. Qg5+
Kf8 47. Qh6+ Kg8 48. Kf2 Rb2 49. Qe3 Qh7 50. Kg3 Kf8 51. Ra1 Qg6 52. Qe5 Rb7
53. Ra8+ Ke7 54. Nf4 Qb1 55. Qg5+ Kd7 56. Qd8+ Kc6 57. Qc8+ Kd6 58. Qd8+ Kc6
59. Ra6+ Rb6 60. Qc8+ Kb5 61. Rxb6+ 1-0

[Event "2016 Edmonton Championship"]
[Site "Edmonton"]
[Date "2016.01.07"]
[Round "1.1"]
[White "Zeggelaar, Mike"]
[Black "Gardner, Robert"]
[Result "1-0"]
[WhiteElo "2093"]
[BlackElo "2269"]
[PlyCount "51"]
[EventDate "2016.01.07"]
[EventType "k.o."]
[EventRounds "4"]
[EventCountry "CAN"]

1. e4 g6 2. d4 Bg7 3. Nc3 c6 4. f4 d6 5. Nf3 Nd7 6. Be2 b5 7. a3 Bb7 8. O-O e5
9. Be3 Qc7 10. fxe5 dxe5 11. d5 a6 12. Qd2 Ngf6 13. Rad1 O-O 14. d6 Qb8 15. Bg5
Re8 16. Bh6 Bxh6 17. Qxh6 Ng4 18. Qh3 Qa7+ 19. Kh1 Ndf6 20. Qh4 Kg7 21. d7 Rh8
22. Nxe5 h5 23. Nxg4 Nxg4 24. Bxg4 hxg4 25. Qf6+ Kh6 26. d8=Q 1-0

[Event "2016 Edmonton Championship"]
[Site "Edmonton"]
[Date "2016.01.14"]
[Round "1.2"]
[White "Banerjee, Bitan"]
[Black "Kohestani, Rauf"]
[Result "1-0"]
[WhiteElo "2327"]
[BlackElo "1944"]
[PlyCount "37"]
[EventDate "2016.01.07"]
[EventType "k.o."]
[EventRounds "4"]
[EventCountry "CAN"]

1. d4 g6 2. c4 c6 3. Nc3 Bg7 4. e4 d6 5. Be3 h5 6. h3 e6 7. Nf3 Nd7 8. Qd2 Ne7
9. Be2 b6 10. Rc1 Bb7 11. Ng5 Nf8 12. d5 Bxc3 13. Qxc3 e5 14. f4 f6 15. fxe5
dxe5 16. O-O Ng8 17. c5 cxd5 18. Bb5+ Ke7 19. cxb6 1-0

[Event "2016 Edmonton Championship"]
[Site "Edmonton"]
[Date "2016.01.14"]
[Round "1.2"]
[White "Briones, Dante"]
[Black "Reeve, Jeff"]
[Result "1/2-1/2"]
[WhiteElo "2012"]
[BlackElo "2321"]
[PlyCount "123"]
[EventDate "2016.01.07"]
[EventType "k.o."]
[EventRounds "4"]
[EventCountry "CAN"]

1. e4 c5 2. Nf3 d6 3. d4 cxd4 4. Nxd4 Nf6 5. Nc3 g6 6. f4 Nc6 7. Be3 Bg7 8.
Nxc6 bxc6 9. Be2 Qa5 10. Bf3 O-O 11. O-O Rb8 12. Rb1 Be6 13. a3 c5 14. Qe2 Bc8
15. Rfd1 Ba6 16. Qf2 Bc4 17. Kh1 Rfd8 18. Bd2 Qc7 19. b3 Ba6 20. Qe1 e6 21. Na4
Nd7 22. c4 Bb7 23. Ba5 Nb6 24. Qg3 Bc6 25. Nc3 Qb7 26. Qe1 f5 27. Nb5 fxe4 28.
Nxd6 Rxd6 29. Rxd6 exf3 30. Qxe6+ Kh8 31. Rxc6 fxg2+ 32. Kxg2 Rc8 33. Rd1 Bd4
34. Rxd4 cxd4 35. Qf6+ Kg8 36. Qe6+ Kh8 37. Qf6+ Kg8 38. Qe6+ Kh8 39. Bxb6
Qxc6+ 40. Qxc6 Rxc6 41. Bxd4+ Kg8 42. Bxa7 Kf7 43. Kf3 Re6 44. Bc5 Ke8 45. b4
Kd7 46. h4 Re1 47. Bd4 Rb1 48. Ke4 Kd6 49. b5 Rb3 50. c5+ Kc7 51. Kd5 Rxb5 52.
Ke6 Kc6 53. Kf7 Rb7+ 54. Kg8 h5 55. Bg7 Kxc5 56. Kh7 Rb6 57. Kh6 Kd5 58. Kg5
Ke4 59. Be5 Ra6 60. a4 Rxa4 61. Kxg6 Ra6+ 62. Kg5 {The scoresheets are
illegible after this, but eventually...} 1/2-1/2

[Event "2016 Edmonton Championship"]
[Site "Edmonton"]
[Date "2016.01.14"]
[Round "1.2"]
[White "Gardner, Robert"]
[Black "Zeggelaar, Mike"]
[Result "0-1"]
[WhiteElo "2269"]
[BlackElo "2093"]
[PlyCount "112"]
[EventDate "2016.01.07"]
[EventType "k.o."]
[EventRounds "4"]
[EventCountry "CAN"]

1. d4 Nf6 2. c4 c5 3. d5 e6 4. Nc3 exd5 5. cxd5 d6 6. e4 g6 7. Nge2 Bg7 8. Ng3
O-O 9. Be2 a6 10. a4 Nbd7 11. O-O Re8 12. f3 Qc7 13. Bg5 h6 14. Be3 h5 15. Qd2
h4 16. Nh1 c4 17. a5 Nc5 18. Qc2 Nb3 19. Ra4 Nxa5 20. Rfa1 b6 21. Rb4 Nd7 22.
Qa4 Rb8 23. Bxb6 Rxb6 24. Qxa5 Qa7 25. Kf1 Rxb4 26. Qxb4 Ne5 27. Nf2 Qc7 28. f4
Nd3 29. Nxd3 cxd3 30. Bxd3 Bh6 31. g3 Bh3+ 32. Ke1 Qa7 33. Ne2 Qe3 34. Qd4 Qf3
35. Kd2 Rb8 36. Ra2 hxg3 37. hxg3 Bf1 38. Qe3 Bxe2 39. Bxe2 Qg2 40. Qf3 Qg1 41.
Bxa6 Qb1 42. Qa3 Qxe4 43. Qxd6 Qd4+ 44. Ke2 Re8+ 45. Kf1 Bf8 46. Qc6 Qd1+ 47.
Kg2 Qd2+ 48. Kh3 Re1 49. d6 Qd1 50. Qc5 Bxd6 51. Qa5 Bxf4 52. gxf4 Qf3+ 53. Kh4
Qxf4+ 54. Kh3 Qf3+ 55. Kh4 Rh1+ 56. Kg5 Rg1+ 0-1

[Event "2016 Edmonton Championship"]
[Site "Edmonton"]
[Date "2016.01.14"]
[Round "1.2"]
[White "Hughey, Micah"]
[Black "Miller, David"]
[Result "1/2-1/2"]
[WhiteElo "2121"]
[BlackElo "2239"]
[PlyCount "109"]
[EventDate "2016.01.07"]
[EventType "k.o."]
[EventRounds "4"]
[EventCountry "CAN"]

1. e4 c5 2. Nf3 d6 3. c3 Nf6 4. h3 Nbd7 5. Bd3 b6 6. O-O Bb7 7. Re1 Qc7 8. Bc2
Rc8 9. Na3 e6 10. d4 cxd4 11. Nb5 Qc5 12. a4 a6 13. Nbxd4 Be7 14. Be3 Qc7 15.
Ng5 Nc5 16. b4 Ncxe4 17. Ngxe6 fxe6 18. Nxe6 Qd7 19. Nxg7+ Kf7 20. Nh5 Rhg8 21.
Bb3+ d5 22. Nf4 Qf5 23. Qd4 Rxc3 24. Ba2 Bd6 25. Qxb6 Bxf4 26. Bxf4 Qxf4 27.
Qxb7+ Rc7 28. Bxd5+ Ke7 29. Qxc7+ Qxc7 30. Bxg8 Kf8 31. Ba2 Qc2 32. Rf1 Nc3 33.
Bc4 Qe4 34. Bxa6 Qxb4 35. a5 Nfd5 36. Bd3 Qb7 37. a6 Qa8 38. g3 Nb4 39. Bxh7
Ne2+ 40. Kh2 Nd4 41. f3 Nxf3+ 42. Kg2 Kg7 43. Rxf3 Kxh7 44. Kf2 Nxa6 45. Rf6
Qa7+ 46. Kf1 Qe3 47. Raxa6 Qxg3 48. Rh6+ Kg7 49. Ke2 Qe5+ 50. Kd3 Qf5+ 51. Kc3
Qf3+ 52. Kc4 Qf4+ 53. Kd5 Qxh6 54. Rxh6 Kxh6 55. Ke4 1/2-1/2

[Event "2016 Edmonton Championship"]
[Site "Edmonton"]
[Date "2016.01.14"]
[Round "1.2"]
[White "Matras-Clement, Agnieszka"]
[Black "Purewal, Sardul"]
[Result "1-0"]
[WhiteElo "2327"]
[BlackElo "1979"]
[PlyCount "59"]
[EventDate "2016.01.07"]
[EventType "k.o."]
[EventRounds "4"]
[EventCountry "CAN"]

1. e4 e6 2. d4 d5 3. Nd2 Nf6 4. e5 Nfd7 5. Bd3 c5 6. c3 Nc6 7. Ne2 cxd4 8. cxd4
f6 9. exf6 Nxf6 10. Nf3 Qc7 11. O-O Bd6 12. Bg5 O-O 13. Bh4 Nh5 14. Bg3 Nxg3
15. hxg3 Bd7 16. Rc1 Be8 17. Ng5 Qe7 18. Nxh7 Rf5 19. f4 Rh5 20. Ng5 Qf6 21.
Nf3 Bg6 22. Ne5 Bxd3 23. Qxd3 Ne7 24. Qb5 b6 25. Qd7 Bb4 26. g4 Bd2 27. gxh5
Be3+ 28. Rf2 Bxf2+ 29. Kxf2 Qh4+ 30. Kg1 1-0

[Event "2016 Edmonton Championship"]
[Site "Edmonton"]
[Date "2016.01.14"]
[Round "1.2"]
[White "Razzaq, Ali"]
[Black "Valencia, Belsar"]
[Result "0-1"]
[WhiteElo "1970"]
[BlackElo "2327"]
[PlyCount "54"]
[EventDate "2016.01.07"]
[EventType "k.o."]
[EventRounds "4"]
[EventCountry "CAN"]

1. d4 Nf6 2. Bf4 g6 3. Nf3 d6 4. h3 c5 5. dxc5 Qa5+ 6. Nc3 Qxc5 7. e3 Bg7 8.
Bd3 Nbd7 9. O-O O-O 10. Qd2 b6 11. Rab1 Bb7 12. b4 Qc8 13. e4 Re8 14. Bh2 a6
15. Rfe1 e5 16. a4 Qc7 17. Rb3 Rad8 18. Qe2 Qc8 19. Nd2 d5 20. exd5 Nxd5 21.
Nxd5 Bxd5 22. c4 Bb7 23. Bg3 e4 24. Nxe4 f5 25. Qf3 fxe4 26. Bxe4 Rxe4 27. Rxe4
Nf6 0-1

[Event "2016 Edmonton Championship"]
[Site "Edmonton"]
[Date "2016.01.14"]
[Round "1.2"]
[White "Villavieja, Butch"]
[Black "Efemuai, Martins"]
[Result "0-1"]
[WhiteElo "2146"]
[BlackElo "2151"]
[PlyCount "127"]
[EventDate "2016.01.07"]
[EventType "k.o."]
[EventRounds "4"]
[EventCountry "CAN"]

1. e4 c5 2. Nf3 Nc6 3. Bb5 g6 4. Bxc6 bxc6 5. d3 Bg7 6. Nc3 d6 7. h3 h6 8. O-O
Rb8 9. Re1 e5 10. b3 Ne7 11. Na4 O-O 12. c3 f5 13. Bb2 g5 14. Nh2 Kh8 15. d4
fxe4 16. dxe5 Bxe5 17. Qh5 Kh7 18. Rxe4 Bf5 19. Ree1 Bg6 20. Qe2 Nf5 21. Ng4
Bg7 22. Rad1 Qc7 23. Qd2 Qf7 24. Ne3 Nh4 25. c4 Bd4 26. Qe2 Qf4 27. Bxd4 cxd4
28. Nf1 Rbe8 29. Qd2 c5 30. Qxf4 gxf4 31. Nb2 f3 32. g3 Ng2 33. Rxe8 Rxe8 34.
Nd3 a5 35. Nh2 Bxd3 36. Rxd3 Re2 37. Nxf3 Ne1 38. Nxe1 Rxe1+ 39. Kg2 Re2 40. a4
Kg6 41. Kf3 Rc2 42. g4 Kg5 43. Ke4 Rxf2 44. Kd5 Kf4 45. Kxd6 Rf3 46. Rd1 Ke3
47. Kxc5 d3 48. Kb5 Ke2 49. Rb1 d2 50. Kxa5 Rxb3 51. Rxb3 d1=Q 52. Rb5 Qd8+ 53.
Kb4 Qd2+ 54. Kb3 Qd3+ 55. Kb4 Qxh3 56. a5 Qxg4 57. a6 Qd4 58. Ra5 Qb6+ 59. Ka4
Kd3 60. c5 Qb2 61. Rb5 Qa2+ 62. Kb4 Qxa6 63. Ra5 Qc4+ 64. Ka3 0-1

[Event "2016 Edmonton Championship"]
[Site "Edmonton"]
[Date "2016.01.14"]
[Round "1.2"]
[White "Young, Joseph"]
[Black "Pechenkin, Vladimir"]
[Result "0-1"]
[WhiteElo "1872"]
[BlackElo "2371"]
[PlyCount "68"]
[EventDate "2016.01.07"]
[EventType "k.o."]
[EventRounds "4"]
[EventCountry "CAN"]

1. d4 Nf6 2. Nc3 d5 3. Bg5 Nbd7 4. Nf3 h6 5. Bh4 e6 6. a3 Be7 7. e3 c5 8. Bb5
a6 9. Bxd7+ Bxd7 10. O-O cxd4 11. exd4 O-O 12. Re1 b5 13. Ne5 a5 14. Re3 Rb8
15. g4 b4 16. axb4 axb4 17. Nxd7 Qxd7 18. Na4 Ne4 19. Bxe7 Qxe7 20. f3 Nd6 21.
b3 Nb5 22. Nc5 Rfc8 23. Re5 Nxd4 24. Na6 Nc6 25. Rh5 Ra8 26. g5 hxg5 27. f4
gxf4 28. Qd3 g6 29. Kf2 Qf6 30. Rg1 Ne5 31. Qe2 f3 32. Qxe5 Rxc2+ 33. Kg3 Qxe5+
34. Rxe5 f2 0-1

[Event "2016 Edmonton Championship"]
[Site "Edmonton"]
[Date "2016.01.21"]
[Round "2.1"]
[White "Banerjee, Bitan"]
[Black "Miller, David"]
[Result "1-0"]
[WhiteElo "2327"]
[BlackElo "2239"]
[PlyCount "57"]
[EventDate "2016.01.07"]
[EventType "k.o."]
[EventRounds "4"]
[EventCountry "CAN"]

1. d4 Nf6 2. c4 g6 3. Nc3 Bg7 4. e4 d6 5. h3 O-O 6. Be3 e5 7. d5 Nh5 8. g3 a5
9. Be2 Nf6 10. Nf3 Na6 11. Nd2 Nc5 12. g4 h6 13. b3 c6 14. f3 cxd5 15. cxd5 Nh7
16. h4 Bd7 17. h5 b5 18. Bxb5 Bxb5 19. Nxb5 Nd3+ 20. Ke2 Nf4+ 21. Bxf4 exf4 22.
a4 Bxa1 23. Qxa1 g5 24. Nc4 Ra6 25. Qa3 Nf6 26. Ncxd6 Qe7 27. Nf5 Qe5 28. Kf2
Rc8 29. Ne7+ 1-0

[Event "2016 Edmonton Championship"]
[Site "Edmonton"]
[Date "2016.01.21"]
[Round "2.1"]
[White "Efemuai, Martins"]
[Black "Pechenkin, Vladimir"]
[Result "1/2-1/2"]
[WhiteElo "2146"]
[BlackElo "2371"]
[PlyCount "127"]
[EventDate "2016.01.07"]
[EventType "k.o."]
[EventRounds "4"]
[EventCountry "CAN"]

1. c4 e5 2. Nc3 Nf6 3. Nf3 Nc6 4. g3 d5 5. cxd5 Nxd5 6. d3 Be7 7. Bg2 Nb6 8.
O-O O-O 9. a3 Re8 10. b4 Bf8 11. b5 Nd4 12. Nd2 a6 13. bxa6 Rxa6 14. Bb2 Qd7
15. a4 Bb4 16. Nde4 f5 17. e3 Ne6 18. Qb3 Be7 19. a5 fxe4 20. axb6 Rxb6 21. Qa2
exd3 22. Nd5 Ra6 23. Qc4 Rxa1 24. Bxa1 Bd6 25. Qxd3 Nc5 26. Qc2 Qa4 27. Qe2 Bg4
28. Qb2 c6 29. Nc3 Qb3 30. Qd2 Qe6 31. Ne4 Nxe4 32. Bxe4 Rf8 33. Rb1 Qe7 34.
Qb2 Bc8 35. Qc3 Qf7 36. Qc2 h6 37. Kg2 Bg4 38. Qb3 Qxb3 39. Rxb3 Bc8 40. h4 Bc7
41. Rc3 Bf5 42. Bxf5 Rxf5 43. Rc5 Bd6 44. Ra5 Rf8 45. Ra7 Rb8 46. Kf3 Kf7 47.
Ke4 Ke6 48. h5 Bc7 49. f4 exf4 50. gxf4 Kf7 51. Kf5 Bb6 52. Ra3 Bc5 53. Rd3 Re8
54. e4 Re7 55. Rg3 Kf8 56. e5 Rf7+ 57. Ke4 b6 58. Rg6 Ra7 59. Bc3 Ra4+ 60. Kf5
Be3 61. Rxc6 Rxf4+ 62. Ke6 Kg8 63. Rc8+ Kh7 64. Kd6 1/2-1/2

[Event "2016 Edmonton Championship"]
[Site "Edmonton"]
[Date "2016.01.21"]
[Round "2.1"]
[White "Matras-Clement, Agnieszka"]
[Black "Reeve, Jeff"]
[Result "1/2-1/2"]
[WhiteElo "2327"]
[BlackElo "2321"]
[PlyCount "58"]
[EventDate "2016.01.07"]
[EventType "k.o."]
[EventRounds "4"]
[EventCountry "CAN"]

1. e4 c5 2. Nf3 Nc6 3. d4 cxd4 4. Nxd4 Nf6 5. Nc3 e5 6. Ndb5 d6 7. Bg5 a6 8.
Na3 b5 9. Nd5 Be7 10. Bxf6 Bxf6 11. c4 b4 12. Nc2 O-O 13. h4 a5 14. b3 Be6 15.
g3 Bxd5 16. cxd5 Nd4 17. Bh3 a4 18. Nxd4 exd4 19. Rc1 Re8 20. Qd3 axb3 21. axb3
Qe7 22. Kd2 Ra2+ 23. Rc2 Rxc2+ 24. Qxc2 d3 25. Qxd3 Qxe4 26. Qxe4 Rxe4 27. Rd1
Bc3+ 28. Kd3 Rd4+ 29. Ke2 Rxd1 1/2-1/2

[Event "2016 Edmonton Championship"]
[Site "Edmonton"]
[Date "2016.01.21"]
[Round "2.1"]
[White "Zeggelaar, Mike"]
[Black "Valencia, Belsar"]
[Result "0-1"]
[WhiteElo "2093"]
[BlackElo "2327"]
[PlyCount "138"]
[EventDate "2016.01.07"]
[EventType "k.o."]
[EventRounds "4"]
[EventCountry "CAN"]

1. e4 c5 2. c3 d5 3. exd5 Qxd5 4. d4 Nf6 5. Nf3 e6 6. Be2 Be7 7. O-O O-O 8. c4
Qd8 9. h3 Nc6 10. Be3 cxd4 11. Nxd4 Nxd4 12. Qxd4 Bd7 13. Bf3 Qc8 14. Nc3 Bc6
15. Bxc6 Qxc6 16. Rfd1 b6 17. b3 Rfd8 18. Qf4 Bd6 19. Qh4 Rd7 20. Bg5 Be5 21.
Rxd7 Nxd7 22. Rc1 f6 23. Be3 Nc5 24. Bxc5 Qxc5 25. Qg4 Re8 26. Qe4 h6 27. Qd3
a6 28. Rd1 Bc7 29. Qg6 Qe7 30. Qe4 Be5 31. Qd3 f5 32. Qe3 Bc7 33. Rd3 Kf7 34.
Qe2 Rd8 35. Rxd8 Qxd8 36. Qh5+ Kf8 37. Qf3 Qd4 38. g3 Be5 39. Ne2 Qd2 40. Kg2
Qxa2 41. Nf4 Bxf4 42. Qxf4 Qxb3 43. Qd6+ Kf7 44. Qd7+ Kf6 45. Qd8+ Kg6 46. Qe8+
Kh7 47. Qxe6 Qb1 48. Kh2 Qe4 49. Qxb6 Qxc4 50. Qb1 Qc5 51. Kg1 Qb5 52. Qc2 a5
53. g4 Kg6 54. Qa2 Qe5 55. Qc2 Qe4 56. Qc8 fxg4 57. hxg4 a4 58. f3 Qb1+ 59. Kh2
Kh7 60. Qe8 a3 61. f4 a2 62. f5 Qb2+ 63. Kh3 Qf6 64. g5 Qxf5+ 65. Kh4 Qxg5+ 66.
Kh3 a1=Q 67. Qe4+ Qg6 68. Qf3 Qe6+ 69. Kh4 Qae1+ 0-1

[Event "2016 Edmonton Championship"]
[Site "Edmonton"]
[Date "2016.01.28"]
[Round "2.2"]
[White "Miller, David"]
[Black "Banerjee, Bitan"]
[Result "0-1"]
[WhiteElo "2239"]
[BlackElo "2327"]
[PlyCount "54"]
[EventDate "2016.01.07"]
[EventType "k.o."]
[EventRounds "4"]
[EventCountry "CAN"]

1. e4 c5 2. Nf3 d6 3. d4 cxd4 4. Nxd4 Nf6 5. Nc3 a6 6. Bg5 e6 7. f4 Be7 8. Qf3
Qc7 9. O-O-O Nbd7 10. g4 h6 11. Bxf6 Bxf6 12. h4 Qb6 13. Nb3 Qc7 14. Bh3 Bxc3
15. bxc3 Nb6 16. g5 Bd7 17. f5 exf5 18. exf5 O-O-O 19. f6 gxf6 20. gxf6 Kb8 21.
Rhe1 Bxh3 22. Qxh3 Rhe8 23. Qg3 Nc4 24. Rxe8 Rxe8 25. Re1 Ne5 26. Nd4 Qc5 27.
Kd2 Qd5 0-1

[Event "2016 Edmonton Championship"]
[Site "Edmonton"]
[Date "2016.01.28"]
[Round "2.2"]
[White "Pechenkin, Vladimir"]
[Black "Efemuai, Martins"]
[Result "1-0"]
[WhiteElo "2371"]
[BlackElo "2146"]
[PlyCount "128"]
[EventDate "2016.01.07"]
[EventType "k.o."]
[EventRounds "4"]
[EventCountry "CAN"]

1. c4 Nf6 2. g3 g6 3. Bg2 Bg7 4. Nc3 O-O 5. d3 c5 6. e4 Nc6 7. Nge2 d6 8. O-O
Bd7 9. h3 Rb8 10. Be3 Ne8 11. Rb1 a6 12. a4 Nc7 13. d4 cxd4 14. Nxd4 b5 15.
Nxc6 Bxc6 16. axb5 axb5 17. c5 dxc5 18. Bxc5 Qe8 19. Nd5 Bxd5 20. exd5 Qd7 21.
d6 exd6 22. Qxd6 Rfd8 23. Rfd1 Qc8 24. Qxd8+ Qxd8 25. Rxd8+ Rxd8 26. Bb6 Rd7
27. Rc1 Nd5 28. Rc8+ Bf8 29. Bc5 Ne7 30. Rb8 Kg7 31. b4 Rd1+ 32. Bf1 g5 33. Kg2
Rb1 34. Bxb5 Ng6 35. Bd3 Rd1 36. Bxf8+ Nxf8 37. Bf5 Rd5 38. g4 Ng6 39. Bxg6
hxg6 40. Rc8 Rd4 41. b5 Rb4 42. Rc5 Kf6 43. Kf3 Rb3+ 44. Ke4 Ke6 45. Kd4 Kd6
46. Rxg5 Rxh3 47. Rd5+ Kc7 48. Ke4 Rb3 49. g5 Rb2 50. f4 Re2+ 51. Kf3 Re1 52.
f5 gxf5 53. Rxf5 Kb6 54. Rd5 Rf1+ 55. Ke4 Rg1 56. Kf5 Rf1+ 57. Ke5 Rf2 58. Rd6+
Kc5 59. Rf6 Rg2 60. Rf5 Kxb5 61. Kf6+ Kc6 62. Kxf7 Kd6 63. g6 Ra2 64. g7 Ra7+
1-0

[Event "2016 Edmonton Championship"]
[Site "Edmonton"]
[Date "2016.01.28"]
[Round "2.2"]
[White "Reeve, Jeff"]
[Black "Matras-Clement, Agnieszka"]
[Result "1-0"]
[WhiteElo "2321"]
[BlackElo "2327"]
[PlyCount "97"]
[EventDate "2016.01.07"]
[EventType "k.o."]
[EventRounds "4"]
[EventCountry "CAN"]

1. e4 e5 2. Nf3 Nc6 3. d4 exd4 4. Nxd4 Bc5 5. Nb3 Bb6 6. Nc3 Qf6 7. Qe2 Nge7 8.
Be3 O-O 9. O-O-O d6 10. h3 Be6 11. f4 Bxe3+ 12. Qxe3 a5 13. Bb5 Nb4 14. a3 Bxb3
15. cxb3 Na6 16. g4 c6 17. Bc4 Ng6 18. Rhf1 b5 19. g5 Qe7 20. Bd3 Nc5 21. Bc2
b4 22. axb4 axb4 23. Na4 Rfe8 24. f5 Ne5 25. f6 Qe6 26. fxg7 Rxa4 27. bxa4 Qa2
28. Qd4 Nc4 29. Rf3 Qa1+ 30. Bb1 Nxa4 31. Rxf7 Kxf7 32. Qxc4+ Kxg7 33. Qd4+ Re5
34. Rd2 Kg8 35. Qc4+ Kg7 36. Qxb4 Nc5 37. Rxd6 Qa6 38. Rd1 Qe2 39. Bc2 Qe3+ 40.
Kb1 Rxg5 41. Qa5 Ne6 42. Qb4 Qc5 43. Qb7+ Kh6 44. Qf7 Qe5 45. Qf2 c5 46. Rf1
Nd4 47. h4 Rg6 48. Qf8+ Qg7 49. Qf4+ 1-0

[Event "2016 Edmonton Championship"]
[Site "Edmonton"]
[Date "2016.01.28"]
[Round "2.2"]
[White "Valencia, Belsar"]
[Black "Zeggelaar, Mike"]
[Result "1-0"]
[WhiteElo "2327"]
[BlackElo "2093"]
[PlyCount "69"]
[EventDate "2016.01.07"]
[EventType "k.o."]
[EventRounds "4"]
[EventCountry "CAN"]

1. Nf3 Nf6 2. g3 g6 3. b3 Bg7 4. Bb2 O-O 5. Bg2 d5 6. c4 c5 7. cxd5 Nxd5 8.
Bxg7 Kxg7 9. Qc1 Qd6 10. Na3 Nc6 11. Nc4 Qf6 12. O-O Bf5 13. Ne3 Nxe3 14. fxe3
Qd6 15. Qc3+ e5 16. Rac1 b6 17. d4 Nxd4 18. exd4 exd4 19. Qd2 Rad8 20. Nh4 Bg4
21. e3 d3 22. Bf3 Bh3 23. Rfd1 Qe7 24. Qc3+ Kg8 25. Rxd3 Rxd3 26. Qxd3 Re8 27.
Re1 g5 28. Ng2 Qf6 29. Qe2 Qe6 30. Qc4 Qf5 31. Rf1 Qd7 32. Bd5 Re7 33. e4 Kg7
34. Qc3+ Kg8 35. Qf6 1-0

[Event "2016 Edmonton Championship"]
[Site "Edmonton"]
[Date "2016.02.04"]
[Round "3.1"]
[White "Pechenkin, Vladimir"]
[Black "Reeve, Jeff"]
[Result "1/2-1/2"]
[WhiteElo "2371"]
[BlackElo "2321"]
[PlyCount "125"]
[EventDate "2016.01.07"]
[EventType "k.o."]
[EventRounds "4"]
[EventCountry "CAN"]

1. c4 e5 2. g3 Nf6 3. Bg2 c6 4. d4 e4 5. Nc3 d5 6. cxd5 cxd5 7. Bg5 Nbd7 8. Qb3
Bd6 9. Nh3 h6 10. Bd2 Nb6 11. Nf4 O-O 12. Nb5 Bb8 13. Ba5 g5 14. Nh3 Bg4 15.
Ng1 Re8 16. e3 a6 17. Nc3 Bc7 18. h3 Be6 19. Nge2 Nc4 20. Bxc7 Qxc7 21. Qc2
Rac8 22. b3 Nd6 23. Qd2 Nf5 24. Rc1 Qd6 25. O-O b5 26. Nb1 b4 27. Rxc8 Rxc8 28.
Rc1 a5 29. Bf1 Kg7 30. Rc2 Bd7 31. Qc1 Rxc2 32. Qxc2 Bb5 33. Qc8 Ne7 34. Qb7
Ba6 35. Qa7 Nd7 36. Nc1 Bxf1 37. Kxf1 Nc6 38. Qa6 Qc7 39. Qe2 Na7 40. Qd2 Nb5
41. Ne2 f5 42. Qc1 Qxc1+ 43. Nxc1 Kf6 44. Ne2 Nf8 45. Kg2 Ng6 46. f3 h5 47. Kf2
h4 48. g4 f4 49. Nd2 Nd6 50. Nb1 fxe3+ 51. Kxe3 exf3 52. Kxf3 Ne4 53. Ke3 Nf8
54. Nd2 Nd6 55. Nf3 Ne6 56. Ne5 Nd8 57. Nd7+ Ke7 58. Nc5 Nb5 59. Kd3 Nc6 60.
Nb7 Kf6 61. Nc5 Ke7 62. Nb7 Kf6 63. Nc5 1/2-1/2

[Event "2016 Edmonton Championship"]
[Site "Edmonton"]
[Date "2016.02.04"]
[Round "3.1"]
[White "Valencia, Belsar"]
[Black "Banerjee, Bitan"]
[Result "1-0"]
[WhiteElo "2327"]
[BlackElo "2327"]
[PlyCount "129"]
[EventDate "2016.01.07"]
[EventType "k.o."]
[EventRounds "4"]
[EventCountry "CAN"]

1. c4 g6 2. d4 Nf6 3. Nc3 Bg7 4. e4 d6 5. f3 O-O 6. Nge2 a6 7. Be3 Nc6 8. Qd2
Rb8 9. h4 h5 10. Nd5 b5 11. Nxf6+ Bxf6 12. cxb5 axb5 13. Rc1 Bd7 14. g3 e6 15.
Bg2 Ne7 16. O-O Bg7 17. Rc2 Ra8 18. Rfc1 c6 19. b3 Nc8 20. Rd1 Re8 21. f4 Nb6
22. Qe1 Ra6 23. Nc1 Bf8 24. Nd3 Qa8 25. Qf2 d5 26. e5 Nc8 27. Bh3 Ne7 28. Ra1
Nf5 29. Bd2 Ra3 30. Rb2 Ng7 31. Bb4 Bxb4 32. Nxb4 Qa5 33. Qd2 Ra8 34. Rc1 Rc8
35. Nd3 Qa7 36. Nc5 Be8 37. Rcc2 Ra8 38. Qb4 Qb6 39. Kh2 R3a7 40. a4 Qd8 41.
Ra2 Kh7 42. Qd2 Qb6 43. Rcb2 Kg8 44. Ra1 Kh7 45. Rba2 Qb8 46. a5 Bd7 47. b4 Qd8
48. Rc2 Bc8 49. Nd3 Rc7 50. Rac1 Bb7 51. Nc5 Bc8 52. Rh1 Raa7 53. Qe3 Kg8 54.
Kg1 Qe7 55. Nd3 Kf8 56. Qe1 Bd7 57. g4 hxg4 58. Bxg4 Ke8 59. Rg2 Kd8 60. h5
gxh5 61. Bxh5 f6 62. Bg6 Rc8 63. Rh7 Kc7 64. exf6 Qxf6 65. Qe5+ 1-0

[Event "2016 Edmonton Championship"]
[Site "Edmonton"]
[Date "2016.02.11"]
[Round "3.2"]
[White "Banerjee, Bitan"]
[Black "Valencia, Belsar"]
[Result "1/2-1/2"]
[WhiteElo "2327"]
[BlackElo "2327"]
[PlyCount "96"]
[EventDate "2016.01.07"]
[EventType "k.o."]
[EventRounds "4"]
[EventCountry "CAN"]

1. d4 Nf6 2. c4 c5 3. d5 d6 4. Nc3 g6 5. h3 Bg7 6. Nf3 O-O 7. Bf4 Re8 8. e3 Qa5
9. Nd2 a6 10. Be2 Nbd7 11. O-O Qc7 12. Bg3 Nf8 13. Rb1 Rb8 14. a4 b6 15. f4 Bb7
16. f5 Bh6 17. Nde4 Nxe4 18. Nxe4 gxf5 19. Rxf5 Bc8 20. Rh5 Bg7 21. Qd3 b5 22.
axb5 axb5 23. cxb5 c4 24. Qc2 Rxb5 25. Bxc4 Rb8 26. b3 Ba6 27. Rf1 Bxc4 28.
bxc4 Rb2 29. Qd3 Qb6 30. Ng5 Rb3 31. Qf5 f6 32. Nxh7 Qxe3+ 33. Bf2 Qd3 34. Nxf8
Qxf5 35. Rxf5 Bxf8 36. Re1 Reb8 37. Re4 Rb1+ 38. Kh2 Rf1 39. Ba7 Rxf5 40. Bxb8
Rf2 41. Ba7 Rc2 42. Kg3 Kf7 43. Kf3 Bh6 44. g4 Rc3+ 45. Kg2 Rc2+ 46. Bf2 Bg5
47. Kf1 Rc1+ 48. Ke2 Rc2+ 1/2-1/2